Zasadanie CEN/TC 350 Trvalá udržateľnosť výstavby vo Viedni

Bibliographic Details
Main Author: Tölgyessyová, Henrieta (stavebná inžinierka) (Author)
Format: Article
Language:Slovak

MARC

LEADER 00000nab a2200000 a 4500
001 vtls010706270
003 SK-MaSNL
005 20260304185610.0
008 250709s2008 xo |||||||||||||||||slo|
035 |a (urnnbn)urn:nbn:sk:snk:ar-a0411t 
035 |a (uuid)4a64819f-9987-4ba5-afb7-f6b14a849187 
035 |a urn:nbn:sk:snk-ab3amk 
040 |a SNKBUCL  |b slo  |c SNKBUCL  |e AACR2 
041 0 |a slo 
044 |a xo  |c SK 
100 1 |a Tölgyessyová, Henrieta  |c (stavebná inžinierka)  |4 aut  |9 28164 
245 1 0 |a Zasadanie CEN/TC 350  |b Trvalá udržateľnosť výstavby vo Viedni  |c Henrieta Tölgyessyová 
773 0 |t Normalizácia : odborný časopis pre technickú normalizáciu  |g Roč. 14, č. 2-3 (2008), s. 44-45 
850 |a Slovenská národná knižnica 
852 |a Slovenská národná knižnica 
954 |a odborná, vedecká literatúra pôvodná (slovenská)  |2 lita 
958 |a article1 
958 |a OND 
958 |a EUIPO 
999 |c 3044689  |d 3046619